000 00494nam a2200181Ia 4500
003 GCL
008 140319s9999 xx 000 0 aGer d
040 _aGCL /
_cGCL
082 0 4 _a892.76
_bN D
100 1 _aNAGUIB MAHFOUZ
245 1 0 _aDAS HAUSBOOT AM NIL /
_cNAGUIB MAHFOUZ
260 _a[S.N] :
_bTHE AMERICAN UNIVERSITY IN CAIRO PRESS ،
_c1982
300 _a154 P
650 0 4 _aLITERATURE
650 0 4 _aARABIC FICTION
650 0 4 _aARABIC LITERATURE - TRANSLATION
942 _2ddc
_cBK
999 _c18492
_d18492